Flags of Countries That Begin With A Vowel - Sudden Death - Statistics

General Stats
  • This quiz has been taken 347 times
  • The average score is 11 of 15
Answers on the Grid
Answers color-coded by a green-red scale on the quiz's grid according to % correct below.
example
example
example
example
example
example
example
example
example
example
example
example
example
example
example
example
example
example
example
example
example
example
example
example
example
example
example
example
example
example
 
Answer Stats
Answer % Correct
example
86%
example
86%
example
84%
example
84%
example
82%
example
79%
example
78%
example
77%
example
76%
example
69%
example
68%
example
67%
example
61%
example
56%
example
51%
No matching quizzes found
Score Distribution
Percent of People with Each Score
Percentile by Number Answered
Your Score History
You have not taken this quiz